| 000 | 00625am a2200217a 44500 | ||
|---|---|---|---|
| 005 | 20160526182322.0 | ||
| 008 | 150909b xxu||||| |||| 00| 0 spa d | ||
| 041 | _aES | ||
| 082 |
_a658 _bC614c |
||
| 245 | _aClásicos Harvard de la Administración | ||
| 260 |
_aMéxico _bEducar Cultural Recreativa _c1986 |
||
| 300 | _a120 páginas | ||
| 500 | _aVolumen 9 | ||
| 650 |
_aADMINISTRACION DE EMPRESAS _9521 |
||
| 650 |
_aNIVELES ADMINISTRATIVOS _910536 |
||
| 650 |
_aHOSTIGAMIENTO SEXUAL _99184 |
||
| 650 |
_aPUBLICIDAD _9494 |
||
| 650 |
_aPEQUEÑA EMPRESA _92678 |
||
| 650 |
_aCONSEJO DE ADMINISTRACION _910537 |
||
| 942 | _cBK | ||
| 999 |
_c802 _d802 |
||